000 00523nam a2200181 i 4500
001 190212
003 ES-MaACL
005 20250901093930.0
007 t|
008 200916s1895 sp ||||1| spa d
110 2 _aCámara de Comercio de Barcelona
_92357
245 1 0 _aMemoria... /
_cCámara de Comercio de Barcelona.
260 _aBarcelona :
_b[s.n.],
_c1895.
300 _ap. ;
_ccm.
610 2 4 _aCámara de Comercio de Barcelona-
_vMemorias.
_9165176
852 _aES-MaACL
_jT-787-F-9
999 _c190212
_d190212